Le frontiere dell’imposizione tra evoluzione tecnologica e nuovi assetti istituzionali

Bibliographic Details
Main Author: Uricchio, Antonio
Format: eBook
Language:Italian
Published: Bari : Cacucci Editore, 2010
Subjects:
Online Access:http://www.vlex.com/source/11225

MARC

LEADER 00000nam a22000007a 4500
005 20130430184513.0
007 cr|||| ||||
008 130430e2010 it |||||s|||| 00||0 ita d
020 |a 9788884229168 
035 |a 11225 
040 |a vLex 
090 |c 4237  |d 4237 
100 1 0 |a Uricchio, Antonio 
245 1 3 |a Le frontiere dell’imposizione tra evoluzione tecnologica e nuovi assetti istituzionali  |c / Antonio Uricchio   |h [Recurso electrn̤ico]  
256 |a Servicio en ln̕ea 
260 |a Bari :  |b Cacucci Editore,   |c 2010 
300 |a 1 Recurso electrn̤ico 
506 |d vLex Global  |d vLex Global (Academic Edition, excluding Law Schools)  |d vLex Global (U.S. Academic Edition, Law Schools)  |d vLex Global (U.S. Academic Edition, excluding Law Schools)  |d vLex Global (Academic Edition, Law Schools) 
650 0 4 |a Derecho tributario  |z Italia 
650 0 4 |a Comercio internacional  |z Italia 
740 |a vLex Libros (Servicio en ln̕ea) 
856 |a Acceso restringido  |u http://www.vlex.com/source/11225 
942 |c BOOK 
999 0 |a Taxation